Statistics for Decipher the countries Part 1

Click here to take the quiz!

General Stats

  • This quiz has been taken 27 times
  • The average score is 8 of 15

Answer Stats

HintAnswer% Correct
6626Oman
90%
3444Fiji
76%
235493Belize
57%
567326Jordan
57%
226232Canada
52%
42266Gabon
52%
42484Haiti
52%
477235Israel
52%
53692Kenya
52%
63843752637Netherlands
52%
2763642Armenia
48%
36646422Dominica
48%
3786642Estonia
48%
548482642Lithuania
48%
62534837Maldives
43%

Score Distribution

Percentile by Number Answered

Percent of People with Each Score

Your Score History

You have not taken this quiz